Algo sobre la posición de México en Montevideo : (Record no. 1601)

MARC details
000 -CABECERA
campo de control de longitud fija 00885nam a2200205 a 4500
005 - FECHA Y HORA DE LA ÚLTIMA TRANSACCIÓN
campo de control 20240418063714.0
008 - ELEMENTOS DE LONGITUD FIJA--INFORMACIÓN GENERAL
campo de control de longitud fija 991125s1934 mx 000 0 spa u
035 ## - NÚMERO DE CONTROL DEL SISTEMA
Número de control de sistema UPN01000001601
049 ## - COLECCIÓN
Colección CG
050 #4 - SIGNATURA TOPOGRÁFICA DE LA BIBLIOTECA DEL CONGRESO
Número de clasificación F1228.5 P3
Número de documento/Ítem P8.3
100 1# - ASIENTO PRINCIPAL--NOMBRE PERSONAL
Nombre de persona Puig Casauranc, J. M.
Forma completa/desarrollada del nombre (José Manuel),
Fechas asociadas al nombre 1888-1939
9 (RLIN) 39309
245 10 - MENCIÓN DE TÍTULO
Título Algo sobre la posición de México en Montevideo :
Resto del título primer folleto /
Mención de responsabilidad, etc. J. M. Puig Casauranc.
260 ## - PUBLICACIÓN, DISTRIBUCIÓN, ETC.
Lugar de publicación, distribución, etc. México :
Nombre del editor, distribuidor, etc. SRE,
Fecha de publicación, distribución, etc. 1934.
300 ## - DESCRIPCIÓN FÍSICA
Extensión 99 p.
440 #0 - MENCIÓN DE SERIE/ASIENTO SECUNDARIO--TÍTULO
Título Del México actual ;
Designación de volumen o secuencia 13
505 8# - NOTA DE CONTENIDO CON FORMATO PREESTABLECIDO
Nota de contenido con formato Contiene:
Título Posición en materia económica en general -- En las cuestiones completas de deudas exteriores y tarifas,y -- En lo relativo al problemadirecto de la intervencióny en los aspectos conectados indirectamente con ella.
651 #4 - ASIENTO SECUNDARIO DE MATERIA - NOMBRE GEOGRAFICO
Nombre geográfico MEXICO -
Subdivisión general RELACIONES EXTERIORES -
Subdivisión geográfica URUGUAY
651 #4 - ASIENTO SECUNDARIO DE MATERIA - NOMBRE GEOGRAFICO
Nombre geográfico URUGUAY -
Subdivisión general RELACIONES EXTERIORES -
Subdivisión geográfica MEXICO
905 ## - TIPO DE MATERIAL
Tipo de material Libro
Holdings
Estado de retiro Estado de pérdida Fuente del sistema de clasificación o colocación Estado dañado No para préstamo Código de colección Localización permanente Ubicación/localización actual Ubicación en estantería Total de préstamos Clasificación Código de barras Fecha visto por última vez Número de copia Tipo de ítem Koha
    Library of Congress Classification     Colección General Bib. Gregorio Torres Quintero Bib. Gregorio Torres Quintero Planta baja   F1228.5 P3 P8.3 41211 31/12/2020 1 Libro